[Event "Dortmund"]
[Site "?"]
[Date "1999.07.17"]
[Round "9"]
[White "Weyrauch Erich"]
[Black "Schroeder Wilfried"]
[Result "1/2-1/2"]
[WhiteElo "2188"]
[BlackElo "2234"]
[PlyCount "93"]
[EventDate "1999.??.??"]
[Source "www.chesslib.no"]
[SourceDate "2004.05.04"]

1. e4 c6 2. d4 d5 3. Nc3 dxe4 4. Nxe4 Bf5 5. Ng3 Bg6 6. Nh3 e6 7. Nf4 Bd6 8. h4 Bxf4 9. Bxf4 h6 10. c3 Nf6 11. Qb3 Qe7 12. Be2 O-O 13. h5 Bh7 14. O-O Nd5 15. Be3 Rd8 16. Rad1 b5 17. Bf3 Nd7 18. a4 a6 19. Rfe1 N7b6 20. axb5 axb5 21. Bc1 Nc4 22. Be4 Bxe4 23. Rxe4 Nf6 24. Re2 Rd5 25. Qc2 Nxh5 26. Nf1 Ra2 27. Qd3 Nf6 28. b3 Rxe2 29. bxc4 Rxf2 30. Kxf2 bxc4 31. Qe2 Rf5+ 32. Kg1 Nd5 33. Qxc4 Qh4 34. Qd3 Qf2+ 35. Kh1 Rh5+ 36. Nh2 Qh4 37. Qh3 Qxh3 38. gxh3 Nxc3 39. Rd3 Ne2 40. Bd2 Rd5 41. Nf3 c5 42. Be3 cxd4 43. Rd2 Ng3+ 44. Kg2 dxe3 45. Rxd5 exd5 46. Kxg3 g5 47. Nd4 1/2-1/2

[Event "NOR-ch op"]
[Site "Oslo"]
[Date "2002.03.29"]
[Round "8"]
[White "Johnsen, Sverre"]
[Black "Glenne, Bjorn Erik"]
[Result "0-1"]
[WhiteElo "2155"]
[BlackElo "2235"]
[PlyCount "70"]
[EventDate "2002.03.23"]
[Source "ChessBase"]
[SourceDate "2002.05.03"]

1. e4 c6 2. d4 d5 3. Nc3 dxe4 4. Nxe4 Bf5 5. Ng3 Bg6 6. Nh3 h6 7. Nf4 Bh7 8. Bc4 Nf6 9. O-O g5 10. Nfh5 Nbd7 11. Re1 Qc7 12. c3 Bg6 13. Nxf6+ Nxf6 14. b4 e6 15. Qb3 Be7 16. a4 O-O 17. h4 gxh4 18. Ne2 Kh7 19. Nf4 Nd5 20. Nxg6 fxg6 21. Rxe6 Qd7 22. Bxd5 cxd5 23. Re5 Rf5 24. Ra2 Raf8 25. Rae2 Bd6 26. Qxd5 R5f7 27. f4 Qc7 28. Bd2 Bxe5 29. fxe5 Qe7 30. Qe4 Rf5 31. d5 h3 32. gxh3 Qf7 33. Be3 Rxe5 34. Qg2 Rxd5 35. Bd4 Rg5 0-1

[Event "Serbia-chT central"]
[Site "?"]
[Date "2003.??.??"]
[Round "?"]
[White "Milosevic Slavisa"]
[Black "Marinkovic Vojkan"]
[Result "1-0"]
[WhiteElo "2279"]
[BlackElo "2104"]
[PlyCount "45"]
[EventDate "2003.??.??"]
[Source "www.chesslib.no"]
[SourceDate "2004.05.04"]

1. e4 c6 2. d4 d5 3. Nc3 dxe4 4. Nxe4 Bf5 5. Ng3 Bg6 6. Nh3 e6 7. Nf4 Bd6 8. Be3 Qc7 9. Qd2 Nf6 10. c4 c5 11. dxc5 Bxc5 12. Bxc5 Qxc5 13. Nxg6 hxg6 14. Be2 Nc6 15. O-O Rd8 16. Qc3 Nd4 17. Rfe1 Nxe2+ 18. Rxe2 Nh5 19. Nf1 Qg5 20. Qf3 Nf4 21. Re4 e5 22. Rae1 f6 23. Qxf4 1-0

[Event "otb"]
[Site "otb"]
[Date "2007.03.20"]
[Round "3"]
[White "Henderson Einar"]
[Black "Quiroga Sergio"]
[Result "1-0"]
[WhiteElo "2116"]
[BlackElo "2260"]
[PlyCount "73"]
[Source "www.chesslib.no"]
[SourceDate "2004.05.04"]

1. e4 c6 2. d4 d5 3. Nc3 dxe4 4. Nxe4 Bf5 5. Ng3 Bg6 6. Nh3 Nf6 7. Nf4 Nd5 8. c4 Nxf4 9. Bxf4 e6 10. h4 Bb4+ 11. Bd2 Bxd2+ 12. Qxd2 h6 13. Be2 Nd7 14. h5 Bh7 15. Qb4 Qb6 16. Qxb6 axb6 17. Bf3 Nf6 18. Kd2 O-O 19. Kc3 Rfd8 20. Rhd1 Kf8 21. a4 Ke7 22. b4 Kd6 23. b5 Kc7 24. Kb4 Rd7 25. c5 Nd5+ 26. Bxd5 Rxd5 27. cxb6+ Kxb6 28. Ne2 Rxh5 29. a5+ Kc7 30. Nc3 Rg5 31. g3 Bg6 32. Rac1 Kd7 33. Re1 Bd3 34. Re5 Rg4 35. f4 Rxg3 36. Na4 Bxb5 37. Nb6+ 1-0

[Event "Kots Mem"]
[Site "Donetsk UKR"]
[Date "2008.01.26"]
[Round "9"]
[White "Aridov, V."]
[Black "Kononenko, Dmitry2"]
[Result "0-1"]
[WhiteElo "2174"]
[BlackElo "2199"]
[PlyCount "74"]
[EventDate "2008.01.18"]
[Source "www.chesslib.no"]
[SourceDate "2004.05.04"]

1. e4 c6 2. d4 d5 3. Nc3 dxe4 4. Nxe4 Bf5 5. Ng3 Bg6 6. Nh3 Nd7 7. Nf4 e5 8. Nxg6 hxg6 9. dxe5 Qe7 10. f4 O-O-O 11. Qe2 g5 12. Ne4 f6 13. Nd6+ Kb8 14. Nc4 Ka8 15. exf6 Qf7 16. Ne5 Qxf6 17. Bd2 gxf4 18. Nxd7 Qxb2 19. Qe5 Qxc2 20. Rc1 Qg6 21. Nxf8 Rxf8 22. Qc3 Nf6 23. Qf3 Rd8 24. Be2 Rhe8 25. Rd1 Rd3 26. Qf1 Qe4 27. Bc1 Qb4+ 28. Bd2 Qe4 29. Bc1 Rxd1+ 30. Kxd1 Rd8+ 31. Ke1 Qb4+ 32. Kf2 Qd4+ 33. Kf3 Qc3+ 34. Kxf4 Rf8 35. Bf3 g5+ 36. Kg3 Qe5+ 37. Kf2 Ng4+ 0-1

[Event "ENG"]
[Site "?"]
[Date "2006.04.29"]
[Round "9.8"]
[White "Rechel Bernd"]
[Black "Ignacz Rozsa"]
[Result "1-0"]
[WhiteElo "2416"]
[BlackElo "1955"]
[PlyCount "53"]
[EventDate "2006.??.??"]
[Source "www.chesslib.no"]
[SourceDate "2004.05.04"]

1. e4 c6 2. d4 d5 3. Nc3 dxe4 4. Nxe4 Bf5 5. Ng3 Bg6 6. Nh3 h6 7. Nf4 Bh7 8. Bc4 e6 9. O-O Nf6 10. Re1 Be7 11. Bxe6 O-O 12. Bb3 Nbd7 13. c4 Bd6 14. Bc2 Qc7 15. Bxh7+ Nxh7 16. Nfh5 Ndf6 17. Qf3 Nxh5 18. Qxh5 Nf6 19. Qf5 Bb4 20. Bf4 Qb6 21. Red1 Be7 22. Qc2 Rad8 23. Nf5 Rfe8 24. Be5 Nh5 25. Qe2 f6 26. Qxh5 fxe5 27. Qg6 1-0

[Event "CZE-chT1b 9697"]
[Site "Czech Republic"]
[Date "1997.??.??"]
[Round "?"]
[White "Nemec, Pavel"]
[Black "Dusek, Martin"]
[Result "0-1"]
[WhiteElo "2275"]
[BlackElo "2060"]
[PlyCount "82"]
[EventDate "1996.??.??"]
[Source "www.chesslib.no"]
[SourceDate "2004.05.04"]

1. e4 c6 2. d4 d5 3. Nc3 dxe4 4. Nxe4 Bf5 5. Ng3 Bg6 6. Nh3 Nf6 7. Nf4 e6 8. h4 Nd5 9. h5 Nxf4 10. Bxf4 Bf5 11. Qd2 g6 12. O-O-O Nd7 13. Nxf5 gxf5 14. Rh3 Nf6 15. Rb3 b6 16. Qc3 Qd5 17. Bc4 Qe4 18. Be5 Bg7 19. f3 Qh4 20. d5 exd5 21. Bxd5 O-O 22. Bxc6 Rac8 23. g3 Qxh5 24. Bxf6 Qh6+ 25. f4 Bxf6 26. Qf3 Rxc6 27. g4 fxg4 28. Qxg4+ Qg6 29. Qe2 Rfc8 30. c3 Kf8 31. Qf2 Qf5 32. Rf1 Rd6 33. Rb4 Rcd8 34. Qc2 Qxc2+ 35. Kxc2 h5 36. a4 h4 37. Rb5 Rd5 38. Rb4 h3 39. Rh1 Rd2+ 40. Kb3 h2 41. Rb5 Rg2 0-1

[Event "Bad Bevensen (16.06.-24.06)"]
[Site "?"]
[Date "2001.06.19"]
[Round "4"]
[White "Hunold Rolf"]
[Black "Rodemann Edmund"]
[Result "1-0"]
[WhiteElo "2203"]
[BlackElo "2064"]
[PlyCount "87"]
[EventDate "2001.??.??"]
[Source "www.chesslib.no"]
[SourceDate "2004.05.04"]

1. e4 c6 2. d4 d5 3. Nc3 dxe4 4. Nxe4 Bf5 5. Ng3 Bg6 6. Nh3 e6 7. Nf4 Qc7 8. Bd3 Nf6 9. O-O Bd6 10. Qf3 Bxd3 11. Nxd3 Nbd7 12. c4 O-O 13. c5 Bxg3 14. hxg3 Nd5 15. Nf4 N7f6 16. g4 h6 17. Nd3 b6 18. g5 hxg5 19. Bxg5 bxc5 20. dxc5 e5 21. Bxf6 Nxf6 22. Qg3 Nd7 23. Rfe1 Rfe8 24. Re4 f6 25. Rae1 Nf8 26. Qh3 Qd7 27. Qxd7 Nxd7 28. g4 Kf7 29. Rd1 Rad8 30. Rc1 Nb8 31. Rc3 Rd5 32. Ra4 Rd7 33. Rca3 Ree7 34. Nb4 Rb7 35. b3 Rb5 36. Nd3 e4 37. Nb2 Rxc5 38. Rxa7 Rc1+ 39. Kg2 Rc2 40. Nc4 Nd7 41. Rc7 Nc5 42. Raa7 Rxc7 43. Rxc7+ Kg6 44. Rxc6 1-0

[Event "CP.1998.Q.00020"]
[Site "?"]
[Date "1999.??.??"]
[Round "?"]
[White "Bassi Giancarlo"]
[Black "Alvebring Martin"]
[Result "0-1"]
[WhiteElo "2105"]
[BlackElo "2105"]
[PlyCount "24"]
[EventDate "1999.??.??"]
[Source "www.chesslib.no"]
[SourceDate "2004.05.04"]

1. e4 c6 2. d4 d5 3. Nc3 dxe4 4. Nxe4 Bf5 5. Ng3 Bg6 6. Nh3 Nf6 7. Nf4 e5 8. Nxg6 hxg6 9. dxe5 Qxd1+ 10. Kxd1 Ng4 11. Ne4 Nd7 12. f4 Nc5 0-1

[Event "GEO-ch 60th 1 Liga"]
[Site "?"]
[Date "2000.04.??"]
[Round "3"]
[White "Gvetadze Sopio"]
[Black "Pantsulaia Levan"]
[Result "1/2-1/2"]
[WhiteElo "2183"]
[BlackElo "2013"]
[PlyCount "71"]
[EventDate "2000.??.??"]
[Source "www.chesslib.no"]
[SourceDate "2004.05.04"]

1. e4 c6 2. d4 d5 3. Nc3 dxe4 4. Nxe4 Bf5 5. Ng3 Bg6 6. Nh3 e6 7. Bc4 Bd6 8. O-O Nf6 9. Nf4 Qc7 10. Nxg6 hxg6 11. Bb3 Nbd7 12. c4 O-O-O 13. Qf3 Kb8 14. c5 Bxg3 15. fxg3 Ka8 16. Bc4 e5 17. b4 exd4 18. Bf4 Ne5 19. Bxe5 Qxe5 20. Bxf7 Qh5 21. h3 Rhf8 22. g4 Qg5 23. Bc4 Rfe8 24. Rad1 Re3 25. Qf4 Qxf4 26. Rxf4 Re4 27. Rf2 g5 28. Rf5 Nd7 29. Rxg5 Ne5 30. Bf1 d3 31. Rxg7 a5 32. Rg5 d2 33. Kf2 Rf4+ 34. Kg1 Re4 35. Kf2 Rf4+ 36. Kg1 1/2-1/2

[Event "It (Open) Illertissen GER"]
[Site "?"]
[Date "2005.09.01"]
[Round "6.8"]
[White "Haist Winfried"]
[Black "Hedler Thomas"]
[Result "1-0"]
[WhiteElo "2171"]
[BlackElo "2019"]
[PlyCount "61"]
[EventDate "2005.??.??"]
[Source "www.chesslib.no"]
[SourceDate "2004.05.04"]

1. e4 c6 2. d4 d5 3. Nc3 dxe4 4. Nxe4 Bf5 5. Ng3 Bg6 6. Nh3 e6 7. Bc4 Nd7 8. O-O Qc7 9. f4 O-O-O 10. f5 exf5 11. Nxf5 Ndf6 12. c3 Bxf5 13. Rxf5 Bd6 14. Bf4 Bxf4 15. Rxf4 Nh6 16. Qf3 Nd5 17. Re4 f5 18. Re2 g6 19. Rae1 Ng4 20. g3 b5 21. Bb3 Qb6 22. Ng5 Rd7 23. Ne6 Ngf6 24. Nc5 Rf7 25. Re6 Rd8 26. a4 Rc7 27. axb5 Ne4 28. Bxd5 Rxd5 29. Re8+ Rd8 30. R1xe4 Qa5 31. Re1 1-0

[Event "Kranj"]
[Site "?"]
[Date "2005.07.05"]
[Round "9"]
[White "Srebrnic Vojko"]
[Black "Hasanagic Alen"]
[Result "1/2-1/2"]
[WhiteElo "2260"]
[BlackElo "1860"]
[PlyCount "100"]
[EventDate "2005.??.??"]
[Source "www.chesslib.no"]
[SourceDate "2004.05.04"]

1. e4 c6 2. d4 d5 3. Nc3 dxe4 4. Nxe4 Bf5 5. Ng3 Bg6 6. Nh3 Nf6 7. Nf4 Nbd7 8. h4 e5 9. Nxg6 hxg6 10. dxe5 Qa5+ 11. Bd2 Qxe5+ 12. Qe2 Bc5 13. Bc3 Qxe2+ 14. Bxe2 O-O-O 15. Rd1 Rde8 16. Kf1 Ne5 17. Bd4 Bxd4 18. Rxd4 c5 19. Ra4 a6 20. Ne4 Nxe4 21. Rxe4 Kc7 22. Rh3 Nc6 23. Rhe3 Rxe4 24. Rxe4 g5 25. Bc4 Rxh4 26. Rxh4 gxh4 27. Bxf7 Kd6 28. Ke2 Ke5 29. Bg6 Kf4 30. Bf7 Ne5 31. Be6 b6 32. a4 b5 33. Bc8 bxa4 34. Bxa6 Nd7 35. Bc8 Ne5 36. Ba6 Nd7 37. Bc4 g5 38. Be6 Ne5 39. Bd5 g4 40. Be6 g3 41. fxg3+ Kxg3 42. Bd5 Ng6 43. Kf1 Nf4 44. Bc6 c4 45. Bxa4 Nxg2 46. Bd7 Ne3+ 47. Ke2 Nxc2 48. Kd2 Nb4 49. Kc3 Nd3 50. b3 cxb3 1/2-1/2

[Event "Spring Open"]
[Site "?"]
[Date "2005.03.29"]
[Round "5"]
[White "Marinkov Svetislav"]
[Black "Dimitrijevic Miroljub"]
[Result "0-1"]
[WhiteElo "2037"]
[BlackElo "2081"]
[PlyCount "86"]
[EventDate "2005.??.??"]
[Source "www.chesslib.no"]
[SourceDate "2004.05.04"]

1. e4 c6 2. d4 d5 3. Nc3 dxe4 4. Nxe4 Bf5 5. Ng3 Bg6 6. Nh3 Nf6 7. Nf4 e5 8. Nxg6 hxg6 9. Be3 exd4 10. Qxd4 Qxd4 11. Bxd4 Be7 12. f3 O-O 13. O-O-O Nbd7 14. h4 Bc5 15. h5 gxh5 16. Nxh5 Bxd4 17. Rxd4 Nxh5 18. Rxh5 Nf6 19. Re5 Rfe8 20. Rxe8+ Rxe8 21. Kd2 Kf8 22. Bc4 Re7 23. Bd3 Rd7 24. Rxd7 Nxd7 25. Ke3 Ke7 26. Kd4 Kd6 27. Bf5 Nb6 28. c4 c5+ 29. Kd3 f6 30. b3 Nd7 31. f4 Nf8 32. Ke4 g6 33. Bc8 f5+ 34. Kf3 Kc7 35. Bxf5 gxf5 36. g4 fxg4+ 37. Kxg4 Kd6 38. Kf5 Ne6 39. Ke4 Nd4 40. b4 b6 41. a3 Ke6 42. a4 a5 43. b5 Nf5 0-1

[Event "Rail 4 countries 19th"]
[Site "?"]
[Date "2002.06.09"]
[Round "3.1"]
[White "Beimfohr Uwe"]
[Black "Sevink Paul"]
[Result "1-0"]
[WhiteElo "2140"]
[BlackElo "1927"]
[PlyCount "101"]
[EventDate "2002.??.??"]
[Source "www.chesslib.no"]
[SourceDate "2004.05.04"]

1. e4 c6 2. d4 d5 3. Nc3 dxe4 4. Nxe4 Bf5 5. Ng3 Bg6 6. Nh3 Nf6 7. Nf4 Nbd7 8. h4 e5 9. Nxg6 hxg6 10. Qe2 Qe7 11. dxe5 Nxe5 12. Bd2 O-O-O 13. O-O-O Neg4 14. Be1 Rxd1+ 15. Qxd1 Qe6 16. Be2 Bc5 17. Bxg4 Nxg4 18. Qe2 Qd7 19. Ne4 Qe6 20. Nc3 Nxf2 21. Qxe6+ fxe6 22. Rf1 Rf8 23. Kd2 Ng4 24. Rxf8+ Bxf8 25. Ne4 Kd7 26. Bg3 Be7 27. Ke2 Nf6 28. Ng5 Ne8 29. Nf7 Bf6 30. Ne5+ Bxe5 31. Bxe5 c5 32. Kf3 Kc6 33. c4 b5 34. cxb5+ Kxb5 35. Kg4 Kc4 36. Bc3 Kd5 37. Kg5 e5 38. Kxg6 Nd6 39. Kxg7 Nf5+ 40. Kf6 Nxh4 41. g4 e4 42. g5 e3 43. g6 Nxg6 44. Kxg6 Ke4 45. Kf6 c4 46. Ke6 e2 47. a4 Kd3 48. Kd5 Kc2 49. Kxc4 a5 50. Bxa5 Kxb2 51. Be1 1-0

[Event "Bundesliga B West 2007/08"]
[Site "Austria"]
[Date "2008.01.27"]
[Round "8"]
[White "Karrer Georg (AUT)"]
[Black "Sandholzer Robert (AUT)"]
[Result "1/2-1/2"]
[WhiteElo "1955"]
[BlackElo "2108"]
[PlyCount "44"]
[EventDate "2008.??.??"]
[Source "www.chesslib.no"]
[SourceDate "2004.05.04"]

1. e4 c6 2. d4 d5 3. Nc3 dxe4 4. Nxe4 Bf5 5. Ng3 Bg6 6. Nh3 e6 7. Nf4 Bd6 8. Ngh5 Bxf4 9. Nxf4 Nf6 10. h4 Bf5 11. f3 h5 12. c3 Qc7 13. Bd3 Bxd3 14. Qxd3 Nbd7 15. Bd2 O-O-O 16. O-O-O Kb8 17. Kb1 Ka8 18. Ne2 Nb6 19. Bf4 Qe7 20. Rhe1 Rd7 21. Qc2 Nfd5 22. Bg5 Qe8 1/2-1/2

[Event "01.Nord-West-Cup"]
[Site "?"]
[Date "1999.02.06"]
[Round "5"]
[White "Heinemann Ernst"]
[Black "Gossmann Ewald"]
[Result "1-0"]
[WhiteElo "2228"]
[BlackElo "1830"]
[PlyCount "43"]
[EventDate "1999.??.??"]
[Source "www.chesslib.no"]
[SourceDate "2004.05.04"]

1. e4 c6 2. d4 d5 3. Nc3 dxe4 4. Nxe4 Bf5 5. Ng3 Bg6 6. Nh3 e6 7. Nf4 Nf6 8. Bc4 Bd6 9. O-O Qc7 10. Qf3 Nd5 11. Bxd5 cxd5 12. Re1 O-O 13. c3 Nc6 14. h4 Ne7 15. h5 Bc2 16. h6 Ng6 17. hxg7 Rfe8 18. Nfh5 Be7 19. Bh6 Nh4 20. Nf6+ Bxf6 21. Qxf6 Nf5 22. Nh5 1-0

[Event "Dortmund"]
[Site "?"]
[Date "2005.07.12"]
[Round "5.34"]
[White "Weyrauch Erich"]
[Black "Hombrecher Kai"]
[Result "0-1"]
[WhiteElo "2121"]
[BlackElo "1911"]
[PlyCount "90"]
[EventDate "2005.??.??"]
[Source "www.chesslib.no"]
[SourceDate "2004.05.04"]

1. e4 c6 2. d4 d5 3. Nc3 dxe4 4. Nxe4 Bf5 5. Ng3 Bg6 6. Nh3 e6 7. Nf4 Bd6 8. h4 Bxf4 9. Bxf4 h6 10. h5 Bh7 11. c3 Nf6 12. Qb3 Qe7 13. Be2 O-O 14. O-O Nd5 15. Bd2 Qc7 16. c4 Nf6 17. Bf3 Rd8 18. Be3 Nbd7 19. Rfd1 Nb6 20. Qc3 Rd7 21. a4 Rad8 22. b3 Nc8 23. Rac1 Ne7 24. Qe1 Nf5 25. Nxf5 exf5 26. g3 Ne4 27. Kg2 b6 28. b4 Qd6 29. b5 Qf6 30. bxc6 Qxc6 31. a5 Qf6 32. d5 Ng5 33. Bd4 Nxf3 34. Kxf3 Qg5 35. Qe5 Re7 36. Qf4 Qxh5+ 37. Kg2 g5 38. Qf3 g4 39. Qf4 Qh3+ 40. Kg1 Re4 41. Qc7 Rde8 42. Qc6 f4 43. gxf4 g3 44. fxg3 Qxg3+ 45. Kh1 Re2 0-1

[Event "Montréal"]
[Site "?"]
[Date "2003.04.06"]
[Round "4"]
[White "Rousseau Daniel"]
[Black "Ramaswamy Kishor"]
[Result "1/2-1/2"]
[WhiteElo "2071"]
[BlackElo "1943"]
[PlyCount "72"]
[EventDate "2003.??.??"]
[Source "www.chesslib.no"]
[SourceDate "2004.05.04"]

1. e4 c6 2. d4 d5 3. Nc3 dxe4 4. Nxe4 Bf5 5. Ng3 Bg6 6. Nh3 e6 7. Be2 Bd6 8. Nf4 Nf6 9. O-O Qc7 10. Nd3 Nbd7 11. Re1 O-O-O 12. c4 c5 13. Qa4 a6 14. b4 cxd4 15. c5 Bxg3 16. hxg3 e5 17. b5 Bxd3 18. Bxd3 Nxc5 19. Bf5+ Nfd7 20. Qa3 g6 21. bxa6 bxa6 22. Bxd7+ Kxd7 23. Bd2 Rb8 24. Rac1 Rhc8 25. Qf3 Ke6 26. Qg4+ f5 27. Qxd4 Qd6 28. Qc4+ Qd5 29. Bf4 Qxc4 30. Rxe5+ Kf6 31. Rxc4 Nd3 32. Rxc8 Rxc8 33. Ra5 Nxf4 34. gxf4 Rc6 35. Kf1 Re6 36. Rc5 h5 1/2-1/2

[Event "Dresden op 10th"]
[Site "?"]
[Date "2001.07.30"]
[Round "4"]
[White "Smolka Alexander"]
[Black "Andrae Dirk"]
[Result "1-0"]
[WhiteElo "1834"]
[BlackElo "2148"]
[PlyCount "101"]
[EventDate "2001.??.??"]
[Source "www.chesslib.no"]
[SourceDate "2004.05.04"]

1. e4 c6 2. d4 d5 3. Nc3 dxe4 4. Nxe4 Bf5 5. Ng3 Bg6 6. Nh3 e6 7. Nf4 Bd6 8. h4 Ne7 9. h5 Bf5 10. Nxf5 Nxf5 11. g4 Ne7 12. Bd2 Qb6 13. c3 Nd7 14. Qc2 O-O-O 15. O-O-O Nf6 16. Be2 h6 17. Kb1 Kb8 18. Rh3 Rd7 19. c4 c5 20. Rb3 Qc7 21. Bf3 Nc6 22. dxc5 Bxc5 23. Bxc6 Qxc6 24. Nd3 Bd6 25. c5 Rc8 26. Rc3 Bc7 27. f3 Nd5 28. Rc4 f5 29. Re1 Rcd8 30. Bc1 Nf6 31. Nb4 Qxf3 32. c6 Rd1 33. Rxe6 Rxc1+ 34. Qxc1 Rd1 35. cxb7 Rxc1+ 36. Rxc1 Kxb7 37. Re7 Nd5 38. Nxd5 Qxd5 39. Rexc7+ Kb6 40. R1c6+ Qxc6 41. Rxc6+ Kxc6 42. gxf5 Kd5 43. Kc2 Kc4 44. b3+ Kd4 45. b4 Kc4 46. a3 a6 47. Kb2 Kd5 48. Kc3 Ke5 49. a4 Kxf5 50. b5 axb5 51. a5 1-0

[Event "Calvi FRA"]
[Site "?"]
[Date "2005.??.??"]
[Round "5.1"]
[White "Moussard Jules"]
[Black "Cabanes Kim"]
[Result "1-0"]
[WhiteElo "2030"]
[BlackElo "1830"]
[PlyCount "73"]
[EventDate "2005.??.??"]
[Source "www.chesslib.no"]
[SourceDate "2004.05.04"]

1. e4 c6 2. d4 d5 3. Nc3 dxe4 4. Nxe4 Bf5 5. Ng3 Bg6 6. Nh3 h6 7. Nf4 Bh7 8. Bc4 Nd7 9. O-O Ngf6 10. Re1 Nb6 11. Bb3 Nbd5 12. c4 Nxf4 13. Bxf4 g6 14. Qd2 h5 15. Bg5 Bg7 16. Rad1 O-O 17. Qb4 e6 18. Qxb7 Qa5 19. Bxf6 Bxf6 20. Qxc6 h4 21. Ne2 Qg5 22. Qf3 Bg7 23. Nf4 Qh6 24. Bc2 Rfd8 25. b3 g5 26. Bxh7+ Kxh7 27. Nh5 f5 28. Nxg7 Kxg7 29. Qb7+ Kf8 30. Qc6 Re8 31. d5 h3 32. dxe6 Kg8 33. Qd7 hxg2 34. Qf7+ Kh8 35. e7 f4 36. Re6 Qh3 37. Rdd6 1-0

[Event "Ascona SUI 2003"]
[Site "?"]
[Date "2003.??.??"]
[Round "?"]
[White "Schaub Werner"]
[Black "Gassner Erwino"]
[Result "1-0"]
[WhiteElo "1690"]
[BlackElo "1736"]
[PlyCount "39"]
[EventDate "2003.??.??"]
[Source "www.chesslib.no"]
[SourceDate "2004.05.04"]

1. e4 c6 2. d4 d5 3. Nc3 dxe4 4. Nxe4 Bf5 5. Ng3 Bg6 6. Nh3 e6 7. Bc4 Nf6 8. O-O Be7 9. Bg5 h6 10. Bxf6 Bxf6 11. c3 O-O 12. Nf4 Bh7 13. Bxe6 Qd6 14. Ngh5 fxe6 15. Re1 Nd7 16. Rxe6 Qc7 17. Qg4 Bg5 18. Re7 Bf5 19. Rxg7+ Kh8 20. Qxf5 1-0

[Event "Ellwangen (11.04.-19.04)"]
[Site "?"]
[Date "2003.04.18"]
[Round "8"]
[White "Mack Guenther"]
[Black "Bode Heinz"]
[Result "1-0"]
[WhiteElo "1667"]
[BlackElo "1663"]
[PlyCount "55"]
[EventDate "2003.??.??"]
[Source "www.chesslib.no"]
[SourceDate "2004.05.04"]

1. e4 c6 2. d4 d5 3. Nc3 dxe4 4. Nxe4 Bf5 5. Ng3 Bg6 6. Nh3 e6 7. Nf4 Ne7 8. Nxg6 Nxg6 9. c3 c5 10. Bb5+ Nd7 11. Be3 a6 12. Bxd7+ Qxd7 13. dxc5 O-O-O 14. Qxd7+ Rxd7 15. Rd1 Ne5 16. Rxd7 Nxd7 17. b4 Be7 18. Ne4 Kc7 19. Ng5 Bxg5 20. Bxg5 f6 21. Bf4+ e5 22. Bg3 b6 23. cxb6+ Kxb6 24. a4 a5 25. Ke2 Ra8 26. Rd1 axb4 27. cxb4 Rc8 28. Rxd7 1-0

[Event "GER-chT U14 Girls"]
[Site "?"]
[Date "2001.12.27"]
[Round "1.2"]
[White "Ernst Laura"]
[Black "Butschek Tanja"]
[Result "0-1"]
[WhiteElo "1149"]
[BlackElo "1422"]
[PlyCount "96"]
[EventDate "2001.??.??"]
[Source "www.chesslib.no"]
[SourceDate "2004.05.04"]

1. e4 c6 2. d4 d5 3. Nc3 dxe4 4. Nxe4 Bf5 5. Ng3 Bg6 6. Nh3 h6 7. Nf4 Bh7 8. Be2 Nf6 9. b3 e6 10. O-O Bd6 11. Nfh5 Rg8 12. Nxf6+ Qxf6 13. Bg4 Nd7 14. c4 O-O-O 15. f3 Qh4 16. f4 Rdf8 17. Bb2 f5 18. c5 Bc7 19. d5 Qxg4 20. Qxg4 fxg4 21. dxe6 Nxc5 22. f5 Bxg3 23. hxg3 Rxf5 24. Rxf5 Bxf5 25. e7 Kd7 26. Re1 Nd3 27. Rf1 Nxb2 28. Rxf5 Kxe7 29. Rf2 Nd3 30. Re2+ Kf7 31. Rd2 Ne5 32. Rf2+ Ke6 33. Re2 Rd8 34. Kf2 g5 35. Ke3 c5 36. Ke4 Rd4+ 37. Ke3 h5 38. Kf2 b5 39. a3 a5 40. Ke1 a4 41. bxa4 Rxa4 42. Kd1 Rxa3 43. Kc2 Ra2+ 44. Kd1 Rxe2 45. Kxe2 b4 46. Kd2 c4 47. Kc2 b3+ 48. Kb2 Nd3+ 0-1